| 000 | 00861nas a2200289 4500 | ||
|---|---|---|---|
| 001 | BR0202503 | ||
| 003 | BR-BrBNA | ||
| 005 | 20231205102950.0 | ||
| 007 | ta | ||
| 008 | 230509b bl.|||p| |||| 00| 00por d | ||
| 040 |
_aBR-BrBNA _bpor _cBiblioteca Nacional de Agricultura |
||
| 041 | _a(Pt) | ||
| 072 | _aL73 | ||
| 100 | 1 | _aMaruta, C.A. | |
| 100 | 1 | _aOrtolani, E.L. | |
| 245 | 1 | _aSusceptibilidade de bovinos das raças Jersey e Gir à acidose láctica ruminal: 1 - variáveis ruminais e fecais | |
| 650 | _aGADO GIR | ||
| 650 | _aGADO JERSEY | ||
| 650 | _aBEZERRO LEITEIRO | ||
| 650 | _aDOENÇA ANIMAL | ||
| 650 | _aRUMEN | ||
| 650 | _aFEZES | ||
| 650 | _aÁCIDO LÁTICO | ||
| 773 | 0 |
_tCiência Rural (Brazil) _xISSN 0103-8478 _g(Jan-Feb 2002), v. 32(1) p. 55-59 _wBR0202503 |
|
| 909 |
_a202311 _bLúcia _c55 _dLúcia Elande |
||
| 942 |
_2AGRIS _n0 _cANA |
||
| 999 |
_c170311 _d170311 |
||